Fr. Conceicao Rodrigues College of Engineering

Microprocessor fundamentals (Record no. 18224)

MARC details
000 -LEADER
fixed length control field 00334nam a2200145Ia 4500
082 ## - DEWEY DECIMAL CLASSIFICATION NUMBER
Classification number 621.381953
Item number TOK
100 ## - MAIN ENTRY--PERSONAL NAME
Personal name Tokheim/Roger L
245 ## - TITLE STATEMENT
Title Microprocessor fundamentals
260 ## - PUBLICATION, DISTRIBUTION, ETC.
Name of publisher, distributor, etc. McGraw Hill
Place of publication, distribution, etc. Singapore
Date of publication, distribution, etc. 1990
300 ## - PHYSICAL DESCRIPTION
Extent 469
546 ## - LANGUAGE NOTE
Language note ENGLISH
654 ## - SUBJECT ADDED ENTRY--FACETED TOPICAL TERMS
Focus term Microprocessor fundamentals
942 ## - ADDED ENTRY ELEMENTS (KOHA)
Koha item type BOOK
Holdings
Withdrawn status Lost status Damaged status Not for loan Collection Home library Current library Date acquired Source of acquisition Cost, normal purchase price Inventory number Total Checkouts Full call number Barcode Date last seen Cost, replacement price Price effective from Koha item type
        CRC Fr. Agnel's C.Rodrigues College of Engineering Fr. Agnel's C.Rodrigues College of Engineering 17/03/2023 Progressive Books 207.00 2050 dt 12.08.92   621.381953 TOK 3763 17/03/2023 207.00 12/08/1992 BOOK
        CRC Fr. Agnel's C.Rodrigues College of Engineering Fr. Agnel's C.Rodrigues College of Engineering 17/03/2023 Progressive Books 207.00 2050 dt 12.08.92   621.381953 TOK 3764 17/03/2023 207.00 12/08/1992 BOOK
        CRC Fr. Agnel's C.Rodrigues College of Engineering Fr. Agnel's C.Rodrigues College of Engineering 17/03/2023 Progressive Books 207.00 2050 dt 12.08.92   621.381953 TOK 3765 17/03/2023 207.00 12/08/1992 BOOK